| 000 -CABECERA |
| Campo de control de longitud fija |
00776nam a22002057a 4500 |
| 008 - CAMPO FIJO DE DESCRIPCIÓN FIJA--INFORMACIÓN GENERAL |
| Campo de control de longitud fija |
210928b ||||| |||| 00| 0 eng d |
| 020 ## - ISBN (INTERNATIONAL STANDARD BOOK NUMBER) |
| ISBN |
9788418525681 |
| 040 ## - FUENTE DE CATALOGACIÓN |
| Agencia de catalogación original |
CDMR |
| 245 ## - MENCIÓN DE TÍTULO |
| Título |
La Comunicación audiovisual en tiempos de pandemia / |
| Mención de responsabilidad, etc. |
Miquel Francés, Guillermo Orozco y Enrique Bustamante (coords.) |
| 260 ## - PUBLICACIÓN, DISTRIBUCIÓN, ETC (PIE DE IMPRENTA) |
| Lugar de publicación, distribución, etc. |
[Barcelona] : |
| Nombre del editor, distribuidor, etc. |
Gedisa, |
| Fecha de publicación, distribución, etc. |
2021 |
| 300 ## - DESCRIPCIÓN FÍSICA |
| Extensión |
438 pàgines : il·lustracions ; |
| Otros detalles físicos |
23 cm |
| 490 ## - MENCIÓN DE SERIE |
| Mención de serie |
Comunicación ; |
| Número de volumen/designación secuencial |
97 |
| 500 ## - NOTA GENERAL |
| Nota general |
Inclou notes i bibliografia al final de cada capítol |
| 650 #0 - ASIENTO SECUNDARIO DE MATERIA--TÉRMINO DE MATERIA |
| 9 (RLIN) |
4656 |
| Nombre de materia o nombre geográfico como elemento de entrada |
COVID-19 (Malaltia) |
| Subdivisión general |
Aspectes socials |
| 650 #0 - ASIENTO SECUNDARIO DE MATERIA--TÉRMINO DE MATERIA |
| 9 (RLIN) |
2084 |
| Nombre de materia o nombre geográfico como elemento de entrada |
Comunicació audiovisual |
| Subdivisión general |
Aspectes socials |
| 700 1# - ENCABEZAMIENTO SECUNDARIO--NOMBRE PERSONAL |
| 9 (RLIN) |
3675 |
| Nombre de persona |
Orozco, Guillermo |
| 700 1# - ENCABEZAMIENTO SECUNDARIO--NOMBRE PERSONAL |
| 9 (RLIN) |
125 |
| Nombre de persona |
Bustamante, Enrique |
| 700 1# - ENCABEZAMIENTO SECUNDARIO--NOMBRE PERSONAL |
| 9 (RLIN) |
4667 |
| Nombre de persona |
Francés, Miquel |
| 942 ## - ELEMENTOS KOHA |
| Fuente de clasificación o esquema de ordenación en estanterías |
|
| Koha tipo de item |
Monografies |